Học sinh miền Nam Tư liệu và kỷ niệm

Giới thiệu một số văn bản pháp lý và hành chính của các cơ quan hữu quan liên quan tới chủ trương đào tạo, chính sách nuôi dạy, bộ máy quản lý, chế độ đãi ngộ học sinh miền Nam từ 1954 đến 1975. Tập hợp những bài hồi ký, phỏng vấn, thơ...

全面介紹

Đã lưu trong:
書目詳細資料
主要作者: Cao, Văn Dũng
其他作者: Tống, Quang Anh
格式: 圖書
語言:Undetermined
出版: Tp. Hồ Chí Minh Văn hóa Văn nghệ Tp. Hồ Chí Minh 2016
主題:
在線閱讀:http://lrc.tdmu.edu.vn/opac/search/detail.asp?aID=2&ID=30372
標簽: 添加標簽
沒有標簽, 成為第一個標記此記錄!
Thư viện lưu trữ: Trung tâm Học liệu Trường Đại học Thủ Dầu Một
LEADER 01408nam a2200229Ia 4500
001 TDMU_30372
008 210410s9999 xx 000 0 und d
082 |a 959.55 
090 |b C108 
100 |a Cao, Văn Dũng 
245 0 |a Học sinh miền Nam 
245 0 |b Tư liệu và kỷ niệm 
245 0 |c Cao Văn Dũng (ch.b.), Tống Quang Anh, Lâm Ngọc Điệp và [nh.ng. khác] 
260 |a Tp. Hồ Chí Minh 
260 |b Văn hóa Văn nghệ Tp. Hồ Chí Minh 
260 |c 2016 
300 |a 870tr. 
520 |a Giới thiệu một số văn bản pháp lý và hành chính của các cơ quan hữu quan liên quan tới chủ trương đào tạo, chính sách nuôi dạy, bộ máy quản lý, chế độ đãi ngộ học sinh miền Nam từ 1954 đến 1975. Tập hợp những bài hồi ký, phỏng vấn, thơ văn, ca khúc của một số học sinh miền Nam giai đoạn 1954-1975 và giáo viên từng dạy ở các trường có học sinh miền Nam 
650 |a Học sinh  |x Chính sách nhà nước  |x Lịch sử  |x Kháng chiến  |z Miền Nam (Việt Nam) 
700 |a Tống, Quang Anh 
856 |u http://lrc.tdmu.edu.vn/opac/search/detail.asp?aID=2&ID=30372 
980 |a Trung tâm Học liệu Trường Đại học Thủ Dầu Một